| 000 | 00522nam a2200169 i 4500 | ||
|---|---|---|---|
| 001 | 50668 | ||
| 003 | ES-MaACL | ||
| 005 | 20230906162222.0 | ||
| 007 | t| | ||
| 008 | 030806s1912 fr ||||1| fre d | ||
| 100 | 1 |
_aChaillou, A. _937796 |
|
| 245 | 1 | 0 |
_aMorphologie medicale _b: etude des quatre types humains / _cpar A. Chaillou et Leon Mac-Auliffe. |
| 260 |
_aParis : _bOctave Doin, _c1912 ( _fImp. Réunies) |
||
| 300 |
_a248 p. : _bil. ; _c25 cm. |
||
| 700 | 1 |
_aMac-Auliffe, Leon. _975000 |
|
| 852 |
_aES-MaACL _jB-12687 |
||
| 999 |
_c50668 _d50668 |
||